=LDR 00000nam 2200000 4500 =001 INLIS000000000062570 =005 20230822015633 =035 ##$$a 0010-0823000233 =007 ta =008 230822###########################0###### =020 ##$$a 978-623-406-836-8 =082 ##$$a 899.221 1 =084 ##$$a 899.221 1 HAD g =100 #$$a Hadijah (D'etzha) =245 1#$$a Gelembung - Gelembung Aksara di Langit Hati =260 ##$$a Surakarta :$b PT Nyala Masa Depan Indonesia,$c 2021 =300 ##$$a ix, 65 halaman : $b Ilustrasi tidak ada ; $c 21 cm =500 ##$$a Biografi: halaman 65 =650 #4$$a Puisi Indonesia =990 ##$$a 07610761 =990 ##$$a 239/52/2023